[Event "ICS rated blitz match"]
[Site "204.178.125.65"]
[Date "2001.09.16"]
[Round "?"]
[White "Olgerdovich"]
[Black "Hossa"]
[Result "0-1"]
[WhiteElo "2031"]
[BlackElo "2505"]
[PlyCount "94"]
[EventDate "2001.??.??"]

1. d4 Nf6 2. c4 e6 3. Nc3 Be7 4. Qc2 d5 5. e3 Nc6 6. a3 dxc4 7. Bxc4 O-O 8. Nf3
Qd7 9. O-O Ng4 10. h3 Nf6 11. Rd1 Na5 12. Ba2 Rd8 13. Ne5 Qe8 14. b4 Nc6 15.
Nd3 Bd6 16. Bb2 a5 17. b5 Na7 18. Rac1 Nxb5 19. Nxb5 Qxb5 20. Ne5 Qe8 21. f4
Bd7 22. Bb1 Ba4 23. Qd3 Bxd1 24. Rxd1 g6 25. Nc4 b5 26. Nd2 Qe7 27. Nf3 Nd5 28.
g3 b4 29. e4 bxa3 30. Ba1 Nb6 31. f5 exf5 32. e5 Bb4 33. g4 fxg4 34. hxg4 Qe6
35. Qe4 a2 36. Bc2 Qc4 37. Bd3 Qb3 38. Re1 Bxe1 39. Nxe1 Qd1 40. Bc2 Qxa1 41.
g5 Qxd4+ 42. Qxd4 Rxd4 43. Bd3 a1=Q 44. Bb5 Qxe1+ 45. Kg2 Rg4+ 46. Kf3 Rg3+ 47.
Kf4 Nd5# {Olgerdovich checkmated} 0-1

[Event "ICS rated blitz match"]
[Site "204.178.125.65"]
[Date "2001.09.16"]
[Round "?"]
[White "Hossa"]
[Black "Olgerdovich"]
[Result "1-0"]
[WhiteElo "2507"]
[BlackElo "2029"]
[PlyCount "36"]
[EventDate "2001.??.??"]

1. d4 f5 2. Nf3 Nf6 3. g3 d6 4. Bg2 c6 5. O-O Qc7 6. Bf4 Nh5 7. Bd2 Nf6 8. c4
e5 9. dxe5 dxe5 10. Bc3 e4 11. Ng5 h6 12. Nh3 Be6 13. Nf4 Bxc4 14. Bh3 Ng4 15.
Bxg4 fxg4 16. Qd4 Qf7 17. Qxe4+ Kd7 18. Ng6 Rg8 {Olgerdovich resigns} 1-0

[Event "ICS rated blitz match"]
[Site "204.178.125.65"]
[Date "2001.09.16"]
[Round "?"]
[White "Olgerdovich"]
[Black "Hossa"]
[Result "0-1"]
[WhiteElo "2027"]
[BlackElo "2509"]
[PlyCount "64"]
[EventDate "2001.??.??"]

1. e4 e5 2. Nf3 Nc6 3. Bb5 a6 4. Ba4 Nf6 5. O-O Nxe4 6. d4 b5 7. Bb3 d5 8. dxe5
Be6 9. c3 Nc5 10. Bc2 Bg4 11. h3 Bxf3 12. Qxf3 Nxe5 13. Re1 Ne4 14. Qd1 Bc5 15.
Be3 Bxe3 16. Rxe3 Nc4 17. Re1 O-O 18. b3 Nb6 19. Qf3 f5 20. Re2 Qh4 21. Nd2 c5
22. Nf1 a5 23. Rd1 b4 24. cxb4 axb4 25. Ne3 Nc3 26. Nxd5 Nbxd5 27. Rxd5 Qf4 28.
Qxf4 Nxe2+ 29. Kf1 Nxf4 30. Rxc5 Rxa2 31. g3 Ra1+ 32. Bd1 Rxd1# {
Olgerdovich checkmated} 0-1

[Event "ICS rated standard match"]
[Site "204.178.125.65"]
[Date "2001.09.16"]
[Round "?"]
[White "Hossa"]
[Black "Tinker"]
[Result "1-0"]
[WhiteElo "2275"]
[BlackElo "2226"]
[PlyCount "71"]
[EventDate "2001.??.??"]

1. d4 Nf6 2. c4 e6 3. Nf3 d5 4. Nc3 c6 5. e3 Nbd7 6. Qc2 Bd6 7. b3 O-O 8. Be2
a6 9. c5 Bc7 10. Bb2 e5 11. b4 Ng4 12. h3 Ngf6 13. dxe5 Nxe5 14. O-O Qe7 15.
Na4 Nxf3+ 16. Bxf3 a5 17. b5 cxb5 18. Nb6 Bxb6 19. cxb6 Qe6 20. Qc7 Ne4 21.
Rfd1 Qf5 22. Rac1 b4 23. Bxe4 dxe4 24. Rd8 Be6 25. Rxa8 Rxa8 26. Qxb7 Bd5 27.
Qc7 Qe6 28. Rc5 Re8 29. b7 Bxb7 30. Re5 Qc8 31. Qxb7 f6 32. Qd5+ Kh8 33. Rxe8+
Qxe8 34. Qxa5 Qf8 35. Bd4 h6 36. Bc5 {Tinker resigns} 1-0

[Event "ICS rated blitz match"]
[Site "204.178.125.65"]
[Date "2001.09.16"]
[Round "?"]
[White "JCSuperstar"]
[Black "Hossa"]
[Result "1-0"]
[WhiteElo "2523"]
[BlackElo "2514"]
[PlyCount "51"]
[EventDate "2001.??.??"]

1. e4 e5 2. Nf3 Nc6 3. Bb5 a6 4. Ba4 Nf6 5. O-O b5 6. Bb3 Bb7 7. Re1 Bc5 8. c3
O-O 9. d4 Bb6 10. Bg5 Qe7 11. Bd5 exd4 12. cxd4 h6 13. Bh4 g5 14. Bg3 Nh5 15.
Nc3 Nxg3 16. hxg3 d6 17. e5 Qd8 18. e6 Qb8 19. Nxg5 hxg5 20. Qh5 Nxd4 21. Qxg5+
Kh7 22. Re4 Nf3+ 23. gxf3 Bxf2+ 24. Kg2 Bxg3 25. Rh1+ Bh4 26. Rhxh4# {
Hossa checkmated} 1-0

[Event "ICS rated blitz match"]
[Site "204.178.125.65"]
[Date "2001.09.16"]
[Round "?"]
[White "Hossa"]
[Black "JCSuperstar"]
[Result "0-1"]
[WhiteElo "2498"]
[BlackElo "2539"]
[PlyCount "93"]
[EventDate "2001.??.??"]

1. d4 Nf6 2. c4 e6 3. Nf3 d5 4. Nc3 c6 5. e3 Nbd7 6. Qc2 Bd6 7. b3 O-O 8. Be2
e5 9. cxd5 cxd5 10. Nb5 Bb4+ 11. Bd2 Bxd2+ 12. Nxd2 a6 13. Nc7 Ra7 14. dxe5
Nxe5 15. Rc1 Bg4 16. f3 Nc6 17. Qc5 Be6 18. Nxa6 Nd7 19. Qd6 Qb6 20. Nc5 Rxa2
21. Nxd7 Bxd7 22. Qc5 Qxc5 23. Rxc5 Nb4 24. Nf1 Re8 25. Rc7 Bc6 26. Ng3 Nc2+
27. Kf2 Nxe3 28. Re1 d4 29. Ne4 Nd5 30. Rxc6 bxc6 31. Kf1 Rb8 32. Nf2 Ne3+ 33.
Kg1 g6 34. Bc4 Nxc4 35. bxc4 Rbb2 36. Rf1 d3 37. g4 Rxf2 38. Rxf2 d2 39. Kg2
Rc2 40. Rxd2 Rxd2+ 41. Kg3 Rc2 42. c5 Rxc5 43. h3 Rd5 44. h4 c5 45. Kf4 c4 46.
Ke4 Rd8 47. Ke5 {Hossa resigns} 0-1

[Event "ICS rated blitz match"]
[Site "204.178.125.65"]
[Date "2001.09.16"]
[Round "?"]
[White "Hukster"]
[Black "Hossa"]
[Result "0-1"]
[WhiteElo "2035"]
[BlackElo "2484"]
[PlyCount "52"]
[EventDate "2001.??.??"]

1. e4 e5 2. Nf3 Nc6 3. Bb5 a6 4. Ba4 Nf6 5. O-O d6 6. d3 Be7 7. h3 O-O 8. c3 b5
9. Bc2 Bb7 10. Re1 b4 11. d4 bxc3 12. bxc3 Rb8 13. Nbd2 exd4 14. cxd4 d5 15. e5
Nd7 16. Nf1 Re8 17. Qd3 Nf8 18. Ng3 Nb4 19. Qd2 Nxc2 20. Qxc2 Ne6 21. a4 c5 22.
dxc5 d4 23. Ba3 Bxf3 24. gxf3 Rc8 25. c6 Bxa3 26. Rxa3 Qh4 {Hukster resigns}
0-1

[Event "ICS rated blitz match"]
[Site "204.178.125.65"]
[Date "2001.09.16"]
[Round "?"]
[White "Hukster"]
[Black "Hossa"]
[Result "0-1"]
[WhiteElo "2051"]
[BlackElo "2486"]
[PlyCount "21"]
[EventDate "2001.??.??"]

1. e4 c5 2. Nf3 Nc6 3. d4 cxd4 4. Nxd4 Qc7 5. Nc3 e6 6. Ndb5 Qb8 7. Nd4 Bd6 8.
h3 Nxd4 9. Qxd4 Be5 10. Qd3 Nf6 11. Be2 {Hukster resigns} 0-1

[Event "ICS rated blitz match"]
[Site "204.178.125.65"]
[Date "2001.09.16"]
[Round "?"]
[White "Hossa"]
[Black "Tinker"]
[Result "1-0"]
[WhiteElo "2488"]
[BlackElo "2459"]
[PlyCount "127"]
[EventDate "2001.??.??"]

1. e4 c5 2. Nf3 d6 3. d4 cxd4 4. Nxd4 Nf6 5. Nc3 a6 6. a4 Nc6 7. Be2 e6 8. O-O
Be7 9. Be3 O-O 10. Qd2 Qc7 11. Rfd1 Nxd4 12. Bxd4 e5 13. Be3 Be6 14. a5 Rac8
15. f3 Nh5 16. Bd3 Bf6 17. Ra3 Kh8 18. Na4 Rb8 19. Bf1 Be7 20. Nb6 Qd8 21. Rc3
Nf6 22. Bc4 Bxc4 23. Rxc4 Qe8 24. Bg5 Qb5 25. b3 Kg8 26. Qe1 Qe8 27. Bxf6 Bxf6
28. Rxd6 Rd8 29. Rd5 Qe7 30. Rxd8 Qxd8 31. Nd5 Bh4 32. Qb4 Qg5 33. Qxf8+ Kxf8
34. Rc8+ Qd8 35. Rxd8+ Bxd8 36. b4 Ke8 37. Kf2 Bg5 38. g3 Bc1 39. Ke2 Kd8 40.
c4 Bb2 41. b5 axb5 42. cxb5 Kc8 43. a6 Kb8 44. axb7 Kxb7 45. Kd3 Bd4 46. g4 h6
47. Kc4 Bg1 48. h3 Bb6 49. Ne7 g6 50. Nc6 f6 51. Ne7 g5 52. Ng8 Bd8 53. Nxh6
Kb6 54. Kd5 Be7 55. Ke6 Bf8 56. Nf5 Bc5 57. Kxf6 Bd4 58. Kxg5 Kxb5 59. h4 Bc3
60. Nd6+ Kc5 61. Nf7 Kd4 62. Kf5 Ke3 63. h5 Bb4 64. h6 {Tinker resigns} 1-0

[Event "ICS rated blitz match"]
[Site "204.178.125.65"]
[Date "2001.09.16"]
[Round "?"]
[White "Tinker"]
[Black "Hossa"]
[Result "1/2-1/2"]
[WhiteElo "2444"]
[BlackElo "2503"]
[PlyCount "172"]
[EventDate "2001.??.??"]

1. e4 c5 2. Nf3 e6 3. d4 cxd4 4. Nxd4 a6 5. Bd3 Nc6 6. Nxc6 bxc6 7. Nc3 d5 8.
O-O Bb7 9. b3 Bd6 10. exd5 cxd5 11. Qh5 Nf6 12. Qh3 Be5 13. Bb2 Qd6 14. Rfe1 d4
15. Nb1 Bf4 16. Ba3 Qc7 17. Bf5 O-O-O 18. Bd3 h5 19. Bc1 h4 20. Na3 Bd6 21. Nc4
Bb4 22. Re5 Bc3 23. Rb1 Bd5 24. Bf4 Kb7 25. Rf5 Qd7 26. Rg5 Qe7 27. Rxg7 Qf8
28. Rg5 Qe7 29. a4 Ra8 30. Bd6 Qd7 31. Be5 Qe7 32. a5 Nd7 33. Nd6+ Ka7 34. Bf4
e5 35. Nf5 Qe6 36. Bc1 Nf6 37. f4 Bxa5 38. Ra1 e4 39. Bxa6 Kxa6 40. b4 e3 41.
Nxd4 Qxh3 42. gxh3 Kb7 43. bxa5 Rhe8 44. c4 e2 45. Rb1+ Kc8 46. Nxe2 Rxe2 47.
cxd5 Rxa5 48. Re5 Rxe5 49. fxe5 Nxd5 50. Bg5 Ra3 51. Bxh4 Rxh3 52. Bg3 Kd7 53.
Kg2 Rh7 54. Kf3 Ke6 55. Rb8 Rh5 56. Rd8 Rf5+ 57. Ke4 Nc3+ 58. Ke3 Nb5 59. h4
Rf1 60. h5 Rg1 61. Kf2 Rh1 62. Rh8 Nc3 63. Kg2 Ra1 64. h6 Ra2+ 65. Kh3 Kf5 66.
h7 Ra6 67. Rc8 Rh6+ 68. Kg2 Rxh7 69. Rxc3 Rg7 70. Kf2 Rg6 71. Rc7 f6 72. exf6
Rxf6 73. Ke1 Kg5 74. Kd1 Rg6 75. Kc1 Rh6 76. Kb1 Rh5 77. Ka1 Rh3 78. Kb1 Rxg3
79. Ka1 Rh3 80. Kb1 Rh2 81. Ka1 Rh1+ 82. Ka2 Rf1 83. Kb2 Rh1 84. Ka2 Rf1 85.
Kb2 Rh1 86. Ka2 Rf1 {Game drawn by repetition} 1/2-1/2

[Event "ICS rated standard match"]
[Site "204.178.125.65"]
[Date "2001.09.16"]
[Round "?"]
[White "Hossa"]
[Black "IronMaiden"]
[Result "1-0"]
[WhiteElo "2286"]
[BlackElo "2155"]
[PlyCount "66"]
[EventDate "2001.??.??"]

1. e4 e6 2. d4 d5 3. Nc3 Nf6 4. e5 Nfd7 5. Nce2 c5 6. f4 Nc6 7. c3 Be7 8. Nf3
b6 9. Ng3 g6 10. Be2 a5 11. O-O Ba6 12. Bxa6 Rxa6 13. Be3 c4 14. Ng5 h6 15. Nf3
b5 16. Qc2 Nb6 17. Rab1 Qc7 18. Ne2 b4 19. Qc1 Na7 20. Qd2 Nb5 21. Qe1 Ra7 22.
Bd2 bxc3 23. Nxc3 Nxc3 24. bxc3 Kd7 25. Qe2 Rb7 26. Rb5 Na4 27. Rxb7 Qxb7 28.
Qd1 Qb5 29. Qc2 Rb8 30. Be3 Rb6 31. f5 exf5 32. Bxh6 Qc6 33. e6+ Kxe6 {
IronMaiden resigns} 1-0

[Event "ICS rated blitz match"]
[Site "204.178.125.65"]
[Date "2001.09.16"]
[Round "?"]
[White "Hossa"]
[Black "PostModernist"]
[Result "0-1"]
[WhiteElo "2500"]
[BlackElo "2637"]
[PlyCount "97"]
[EventDate "2001.??.??"]

1. d4 d5 2. c4 dxc4 3. e3 c5 4. Bxc4 cxd4 5. Nf3 Qc7 6. Qxd4 Nc6 7. Qd2 Bg4 8.
O-O Bxf3 9. gxf3 e6 10. Nc3 Bb4 11. a3 Rd8 12. Qc2 Bxc3 13. Qxc3 Nf6 14. b3 O-O
15. Bb2 Qe7 16. f4 e5 17. fxe5 Ne4 18. Qe1 Nd2 19. f4 Nxf1 20. Bxf1 Qe6 21. b4
a6 22. Rc1 Rd7 23. Rc2 Rfd8 24. Rg2 Rd1 25. Qf2 Ne7 26. e4 b5 27. f5 Qh6 28. e6
f6 29. Qg3 Rxf1+ 30. Kxf1 Rd1+ 31. Kf2 Qd2+ 32. Kf3 Qd3+ 33. Kf4 Nd5+ 34. exd5
Qc4+ 35. Kf3 Rd3+ 36. Kf2 Qc2+ 37. Kf1 Rd1+ 38. Qe1 Qxf5+ 39. Ke2 Qh5+ 40. Kf2
Qh4+ 41. Rg3 Qxh2+ 42. Rg2 Qh4+ 43. Rg3 Rxe1 44. Bxf6 Qf4+ 45. Kxe1 Qxg3+ 46.
Kd2 gxf6 47. Ke2 Qxa3 48. e7 Kf7 49. e8=R {Hossa resigns} 0-1

[Event "ICS rated blitz match"]
[Site "204.178.125.65"]
[Date "2001.09.16"]
[Round "?"]
[White "PostModernist"]
[Black "Hossa"]
[Result "0-1"]
[WhiteElo "2647"]
[BlackElo "2490"]
[PlyCount "152"]
[EventDate "2001.??.??"]

1. d4 Nf6 2. c4 e6 3. Nf3 b6 4. Bf4 Bb7 5. e3 Be7 6. h3 c5 7. Nc3 cxd4 8. exd4
O-O 9. Be2 d5 10. O-O dxc4 11. Bxc4 Nbd7 12. Rc1 Rc8 13. Nb5 Nd5 14. Bxd5 Rxc1
15. Qxc1 Bxd5 16. Nxa7 Qa8 17. Qc7 Nf6 18. Qxe7 Bxf3 19. gxf3 Nd5 20. Qh4 Qxa7
21. a3 Qa4 22. Bc1 Qc4 23. Re1 Rc8 24. Kh1 Qb3 25. Kg2 Qc2 26. Qg4 Nf6 27. Qg3
Kh8 28. h4 Nd5 29. h5 Qc4 30. Qe5 Ra8 31. Bd2 Qc2 32. Re2 Rg8 33. Bg5 Qb3 34.
Bf4 Qd3 35. Bg3 h6 36. Qe4 Qd1 37. Re1 Qd2 38. Rb1 Rd8 39. Be5 Rc8 40. Kh3 Qxf2
41. Qg4 Rg8 42. Qg2 Qe3 43. Rd1 Ne7 44. Rd2 Nf5 45. Re2 Qd3 46. Qf2 Qc4 47. Rd2
f6 48. Bh2 Qd5 49. Kg2 g5 50. hxg6 Rxg6+ 51. Kf1 Rg7 52. Ke1 h5 53. Bg1 Rg3 54.
Rd3 h4 55. Rc3 h3 56. Qh2 Kg7 57. Bf2 Rxf3 58. Qg1+ Kf8 59. Qh2 Qe4+ 60. Kd2
Rxc3 61. bxc3 Qf3 62. a4 Kf7 63. Kc2 Nd6 64. Qxd6 Qxf2+ 65. Kb3 h2 66. Qd7+ Kg6
67. Qe8+ Kg5 68. Qg8+ Kf4 69. Qh8 f5 70. Qh6+ Kg4 71. Qg6+ Kh3 72. Qh6+ Kg2 73.
Qg5+ Kf1 74. Qh6 Qg2 75. Qc1+ Kf2 76. Qd2+ Kf3 {PostModernist resigns} 0-1

[Event "ICS rated blitz match"]
[Site "204.178.125.65"]
[Date "2001.09.16"]
[Round "?"]
[White "baldomero"]
[Black "Hossa"]
[Result "0-1"]
[WhiteElo "2326"]
[BlackElo "2521"]
[PlyCount "40"]
[EventDate "2001.??.??"]

1. e4 e5 2. Nf3 Nc6 3. Bb5 a6 4. Ba4 Nf6 5. O-O d6 6. d4 exd4 7. Nxd4 Bd7 8.
Bxc6 bxc6 9. Re1 Be7 10. Nc3 O-O 11. e5 dxe5 12. Rxe5 Bd6 13. Re1 Re8 14. Bg5
Bxh2+ 15. Kh1 Be5 16. f4 Bg4 17. Bxf6 Qxf6 18. Qxg4 Bxd4 19. g3 Bxc3 20. bxc3
Qxc3 {baldomero resigns} 0-1

[Event "ICS rated blitz match"]
[Site "204.178.125.65"]
[Date "2001.09.16"]
[Round "?"]
[White "Hossa"]
[Black "baldomero"]
[Result "1-0"]
[WhiteElo "2529"]
[BlackElo "2318"]
[PlyCount "77"]
[EventDate "2001.??.??"]

1. d4 e6 2. c4 Nf6 3. Nc3 Bb4 4. Qc2 d5 5. cxd5 Qxd5 6. e3 O-O 7. Bd2 Bxc3 8.
bxc3 c5 9. Nf3 b6 10. c4 Qd6 11. e4 Qc7 12. dxc5 Qxc5 13. Bd3 Nc6 14. O-O Bb7
15. Qc3 Qh5 16. Bf4 Rac8 17. e5 Nd7 18. Rad1 Nc5 19. Bb1 Na5 20. Nd2 Ba6 21. h3
Rfd8 22. Bc2 Qh4 23. Qe3 h6 24. Nf3 Qh5 25. Kh2 Nxc4 26. Qc1 f5 27. exf6 gxf6
28. Rxd8+ Rxd8 29. Rd1 Rxd1 30. Qxd1 Qd5 31. Bxh6 Qxd1 32. Bxd1 Nd3 33. Kg1 Kf7
34. Nd4 e5 35. Bh5+ Ke7 36. Nc6+ Kd7 37. Nb8+ Kc8 38. Nxa6 Kb7 39. Be2 {
baldomero resigns} 1-0

[Event "ICS rated blitz match"]
[Site "204.178.125.65"]
[Date "2001.09.16"]
[Round "?"]
[White "baldomero"]
[Black "Hossa"]
[Result "0-1"]
[WhiteElo "2311"]
[BlackElo "2536"]
[PlyCount "42"]
[EventDate "2001.??.??"]

1. e4 e5 2. Nf3 Nc6 3. Bb5 a6 4. Ba4 Nf6 5. O-O Nxe4 6. d4 b5 7. Bb3 d5 8. dxe5
Be6 9. Nbd2 Nc5 10. c3 Bg4 11. Bc2 Qd7 12. Re1 Rd8 13. Nf1 Be7 14. h3 Bf5 15.
Bxf5 Qxf5 16. Nd4 Nxd4 17. cxd4 Nd3 18. Re2 c5 19. Ng3 Qg6 20. dxc5 Bxc5 21. h4
Qxg3 {baldomero resigns} 0-1

[Event "ICS rated blitz match"]
[Site "204.178.125.65"]
[Date "2001.09.16"]
[Round "?"]
[White "Hossa"]
[Black "baldomero"]
[Result "1-0"]
[WhiteElo "2543"]
[BlackElo "2304"]
[PlyCount "45"]
[EventDate "2001.??.??"]

1. d4 e6 2. c4 Nf6 3. Nc3 Bb4 4. Qc2 d5 5. cxd5 Qxd5 6. e3 O-O 7. Bd2 Bxc3 8.
bxc3 b6 9. Nf3 Bb7 10. O-O-O c5 11. h4 Nbd7 12. Ng5 Rfc8 13. Bd3 cxd4 14. Bxh7+
Kf8 15. exd4 Qa5 16. c4 Qa3+ 17. Kb1 Nxh7 18. Rh3 Qa6 19. Bb4+ Ke8 20. Qxh7 Nf8
21. Qxg7 Qxc4 22. Qxf7+ Kd8 23. Qe7# {baldomero checkmated} 1-0

[Event "ICS rated blitz match"]
[Site "204.178.125.65"]
[Date "2001.09.16"]
[Round "?"]
[White "Hossa"]
[Black "segundo"]
[Result "1-0"]
[WhiteElo "2554"]
[BlackElo "2267"]
[PlyCount "46"]
[EventDate "2001.??.??"]

1. e4 e5 2. Nf3 Nc6 3. Bc4 Nf6 4. Ng5 d5 5. exd5 Nd4 6. c3 b5 7. cxd4 bxc4 8.
dxe5 Nxd5 9. Qf3 Qxg5 10. Qxd5 Rb8 11. O-O Bb7 12. Qb5+ Kd8 13. f3 a6 14. Qxc4
Qxe5 15. d4 Qe6 16. Qc3 Bd6 17. Na3 Bd5 18. b3 Qe7 19. Nc4 Bxc4 20. bxc4 Qh4
21. f4 Bb4 22. Qb3 Re8 23. a3 Re2 {segundo resigns} 1-0

[Event "ICS rated blitz match"]
[Site "204.178.125.65"]
[Date "2001.09.16"]
[Round "?"]
[White "Hossa"]
[Black "Tinker"]
[Result "1-0"]
[WhiteElo "2559"]
[BlackElo "2402"]
[PlyCount "89"]
[EventDate "2001.??.??"]

1. d4 Nf6 2. c4 e6 3. Nf3 d5 4. Nc3 Be7 5. Bf4 c5 6. dxc5 Bxc5 7. e3 Nc6 8. Be2
O-O 9. O-O dxc4 10. Qxd8 Rxd8 11. Bxc4 Nd5 12. Nxd5 exd5 13. Bb3 Na5 14. Bc2
Nc4 15. b3 Na3 16. Bd3 Bg4 17. Nd4 Rac8 18. h3 Bxd4 19. exd4 Bd7 20. Rac1 f6
21. Rfe1 Rxc1 22. Rxc1 Nb5 23. Rc5 Nxd4 24. Rxd5 Ne6 25. Bc4 b5 26. Rxd7 bxc4
27. Rxd8+ Nxd8 28. bxc4 Nc6 29. Bd2 Ne5 30. Be3 a5 31. c5 Kf7 32. f4 Nc6 33. f5
a4 34. Kf2 Ke8 35. Bd2 Ne5 36. Ke3 Nc4+ 37. Kd3 Nxd2 38. Kxd2 a3 39. Kc3 Kd7
40. h4 Kc7 41. h5 Kc6 42. Kc4 h6 43. g3 Kc7 44. Kd5 Kd7 45. c6+ {Tinker resigns
} 1-0

[Event "ICS rated blitz match"]
[Site "204.178.125.65"]
[Date "2001.09.16"]
[Round "?"]
[White "Hossa"]
[Black "QueenMaxima"]
[Result "1-0"]
[WhiteElo "2578"]
[BlackElo "2413"]
[PlyCount "105"]
[EventDate "2001.??.??"]

1. d4 b6 2. c4 e6 3. Nc3 Bb7 4. e4 Bb4 5. e5 c5 6. dxc5 Qc7 7. Bf4 Qxc5 8. Qd3
Ne7 9. a3 Qa5 10. Nge2 Ng6 11. Bg3 h5 12. Qd1 Be7 13. b4 Qa6 14. Nf4 Nxf4 15.
Bxf4 Bc8 16. Be2 g5 17. b5 Qb7 18. Bf3 Qc7 19. Bxa8 gxf4 20. Qd4 Qc5 21. Qxc5
Bxc5 22. Ne2 Bf8 23. Nxf4 Bg7 24. Nd3 d6 25. f4 dxe5 26. Nxe5 Rg8 27. Kf2 Kf8
28. Rad1 Bxe5 29. Rd8+ Kg7 30. Rxg8+ Kxg8 31. fxe5 Nd7 32. Rd1 Kg7 33. Bb7 Bxb7
34. Rxd7 Be4 35. Rxa7 Kg6 36. c5 bxc5 37. b6 c4 38. b7 Bxb7 39. Rxb7 h4 40. a4
c3 41. a5 c2 42. Rc7 Kf5 43. a6 Kxe5 44. a7 h3 45. gxh3 f6 46. Rxc2 f5 47. Re2+
Kd5 48. a8=Q+ Kd4 49. h4 Kc4 50. Qc6+ Kd4 51. Rd2+ Ke5 52. Qc3+ Ke4 53. Qd4# {
QueenMaxima checkmated} 1-0

[Event "ICS rated blitz match"]
[Site "204.178.125.65"]
[Date "2001.09.16"]
[Round "?"]
[White "ChesterX"]
[Black "Hossa"]
[Result "0-1"]
[WhiteElo "2768"]
[BlackElo "2595"]
[PlyCount "110"]
[EventDate "2001.??.??"]

1. e4 c5 2. Nf3 d6 3. d4 cxd4 4. Nxd4 Nf6 5. Nc3 a6 6. Be3 Nbd7 7. g4 d5 8.
exd5 Nb6 9. Be2 Nbxd5 10. Nxd5 Nxd5 11. O-O e5 12. Nb3 Be6 13. Qd3 Qh4 14. Bf3
Rd8 15. Qe4 Bd6 16. Bc5 Nf6 17. Qxb7 Nxg4 18. Bxg4 Qxg4+ 19. Kh1 Bxc5 20. f3
Bxb3 21. axb3 Qc8 22. Qxc8 Rxc8 23. Rxa6 Ke7 24. Re1 Bd6 25. c3 Ra8 26. Rxa8
Rxa8 27. b4 g5 28. b5 Ra2 29. Rb1 f5 30. c4 e4 31. fxe4 fxe4 32. b6 Kd7 33. b4
Rxh2+ 34. Kg1 h5 35. c5 Be5 36. b5 Rc2 37. Rd1+ Ke6 38. c6 e3 39. b7 Bh2+ 40.
Kh1 Bf4 41. Rd4 e2 42. Re4+ Kd5 43. Re8 Rc1+ 44. Kg2 e1=Q 45. Rxe1 Rxe1 46. c7
Bxc7 47. Kf2 Rb1 48. Ke3 Rb3+ 49. Kf2 Rb2+ 50. Kf1 h4 51. Ke1 h3 52. b8=Q Bxb8
53. Kd1 h2 54. Kc1 Rf2 55. b6 h1=Q# {ChesterX checkmated} 0-1

[Event "ICS rated standard match"]
[Site "204.178.125.65"]
[Date "2001.09.16"]
[Round "?"]
[White "IronMaiden"]
[Black "Hossa"]
[Result "0-1"]
[WhiteElo "2145"]
[BlackElo "2296"]
[PlyCount "92"]
[EventDate "2001.??.??"]

1. d4 Nf6 2. Nf3 e6 3. c3 d5 4. Bg5 c5 5. e3 Bd7 6. Nbd2 cxd4 7. exd4 Bd6 8.
Ne5 Qb6 9. Bxf6 gxf6 10. Nxd7 Nxd7 11. Qb3 Qc7 12. g3 f5 13. Bg2 Be7 14. O-O f4
15. Rfe1 O-O-O 16. c4 fxg3 17. hxg3 Bg5 18. Nf3 dxc4 19. Qa4 Bh6 20. Qxa7 Qb6
21. Qa4 Qc7 22. Rad1 Nb6 23. Qa7 Rd6 24. Re5 Nd7 25. Ra5 Qb8 26. Qxb8+ Kxb8 27.
Rb5 f6 28. Re1 Kc7 29. Re2 Ra8 30. a3 f5 31. Rc2 Ra4 32. Ne5 Rb6 33. Rxb6 Nxb6
34. Nd3 Nd7 35. Nb4 b5 36. Bc6 Ra5 37. Re2 Nf8 38. d5 Kd6 39. dxe6 Nxe6 40. f4
Bg7 41. Rd2+ Nd4 42. Kg2 Kc5 43. Bf3 c3 44. bxc3 Nxf3 45. Rd5+ Kc4 46. Kxf3
Rxa3 {IronMaiden resigns} 0-1

[Event "ICS rated blitz match"]
[Site "204.178.125.65"]
[Date "2001.09.16"]
[Round "?"]
[White "Hossa"]
[Black "PostModernist"]
[Result "0-1"]
[WhiteElo "2618"]
[BlackElo "2648"]
[PlyCount "116"]
[EventDate "2001.??.??"]

1. e4 c5 2. Nf3 Nc6 3. d4 cxd4 4. Nxd4 Nf6 5. Nc3 Rb8 6. Bc4 e5 7. Ndb5 d6 8.
Nd5 Nxd5 9. Bxd5 Be7 10. O-O a6 11. Nc3 O-O 12. Be3 Bg5 13. Bd2 Nd4 14. a4 Bg4
15. Qc1 Bxd2 16. Qxd2 a5 17. Rab1 Qh4 18. f3 Bd7 19. Ra1 Bc6 20. Qf2 Qxf2+ 21.
Rxf2 h5 22. Rc1 g5 23. Rd2 Kg7 24. Kf2 Bd7 25. Ke3 f5 26. Rcd1 f4+ 27. Kf2 Rfc8
28. Rg1 g4 29. Rc1 h4 30. fxg4 Bxg4 31. Rd3 Rc5 32. h3 Bh5 33. Rd2 Rc7 34. Kf1
Be8 35. Kf2 Kh7 36. Rcd1 Rg7 37. Kf1 Bd7 38. Rf2 Rf8 39. Rd3 f3 40. gxf3 Bxh3+
41. Ke1 Rg1+ 42. Kd2 Bg2 43. Rxd4 h3 44. Ne2 h2 45. Rd3 h1=Q 46. Nxg1 Qxg1 47.
Ke2 Kh8 48. c4 Bh3 49. Rd1 Qg3 50. Rd3 b6 51. Bc6 Rf6 52. Rd1 Bg2 53. Rd3 Rh6
54. Rc3 Rh2 55. Ke3 Bf1 56. Rxh2+ Qxh2 57. Rc2 Qxc2 58. f4 Qe2# {
Hossa checkmated} 0-1

[Event "ICS rated blitz match"]
[Site "204.178.125.65"]
[Date "2001.09.16"]
[Round "?"]
[White "Hossa"]
[Black "redwind"]
[Result "1-0"]
[WhiteElo "2603"]
[BlackElo "2190"]
[PlyCount "57"]
[EventDate "2001.??.??"]

1. d4 Nf6 2. Bg5 e6 3. e4 c5 4. e5 h6 5. Bh4 g5 6. Bg3 Ne4 7. d5 d6 8. exd6
Nxg3 9. Bb5+ Bd7 10. Bxd7+ Qxd7 11. hxg3 Qxd6 12. Nc3 Nd7 13. Qf3 Bg7 14. O-O-O
Bxc3 15. Qxc3 O-O-O 16. dxe6 Qxe6 17. Kb1 Kb8 18. Nh3 Nb6 19. Nxg5 Qf5 20. Nh3
c4 21. Nf4 Rc8 22. Rh5 Qe4 23. Qf6 c3 24. b3 Qb4 25. Rxh6 Rxh6 26. Qxh6 Nc4 27.
Nd5 Qa3 28. Qf4+ Ka8 29. Nc7+ {redwind resigns} 1-0

[Event "ICS rated blitz match"]
[Site "204.178.125.65"]
[Date "2001.09.16"]
[Round "?"]
[White "PostModernist"]
[Black "Hossa"]
[Result "0-1"]
[WhiteElo "2663"]
[BlackElo "2604"]
[PlyCount "178"]
[EventDate "2001.??.??"]

1. e4 c5 2. Nc3 Nc6 3. Nf3 Nf6 4. d4 cxd4 5. Nxd4 e5 6. Nxc6 bxc6 7. Qf3 d6 8.
Bc4 Be7 9. h3 O-O 10. Be3 Be6 11. Bxe6 fxe6 12. Qg3 Rb8 13. b3 Qd7 14. Rd1 Qc7
15. O-O d5 16. f3 a6 17. Rfe1 Rbc8 18. Nb1 a5 19. Nd2 Ra8 20. exd5 cxd5 21. c4
Bd6 22. Qf2 e4 23. f4 Bb4 24. Rc1 Qf7 25. Red1 Qh5 26. Nf1 Ba3 27. Ng3 Qf7 28.
Rc2 Rac8 29. c5 Nd7 30. Ne2 Rc6 31. h4 Rfc8 32. Nd4 Rxc5 33. Re2 Bc1 34. Qg3
Bxe3+ 35. Rxe3 Re8 36. Ree1 Rcc8 37. Nb5 Qe7 38. Re3 Qf8 39. Kh2 Nf6 40. Qg5
Rc2 41. a3 Rc5 42. Nd4 Qf7 43. Rg3 Nh5 44. Rg4 Rc3 45. Nb5 Rc6 46. Nd4 Rb6 47.
Rc1 Rb7 48. Rc6 Kh8 49. Qe5 Nf6 50. Rg5 Nd7 51. Qd6 h6 52. Rg3 e5 53. Ne6 exf4
54. Qxf4 Qxf4 55. Nxf4 d4 56. Ne6 Nb8 57. Rd6 e3 58. Nxd4 e2 59. Nxe2 Rxe2 60.
Rd5 Nc6 61. Rc3 Re6 62. h5 Re5 63. Rdc5 Rxc5 64. Rxc5 Rb6 65. a4 Kg8 66. Rb5
Ra6 67. Rd5 Kf7 68. Kh3 Ke6 69. Rb5 Kf6 70. g3 Nd4 71. Rb7 Re6 72. b4 Re5 73.
Rb6+ Ne6 74. g4 Re3+ 75. Kh2 Re4 76. bxa5 Rxg4 77. a6 Rxa4 78. Kg3 Ke5 79. Rb5+
Kd4 80. Rb6 Kd5 81. Kf2 Ra2+ 82. Kf3 Nc5 83. Kf4 Rxa6 84. Rxa6 Nxa6 85. Kf5 Nc5
86. Kg6 Ne6 87. Kf5 g5 88. hxg6 h5 89. Kf6 Kd6 {PostModernist resigns} 0-1

[Event "ICS rated blitz match"]
[Site "204.178.125.65"]
[Date "2001.09.16"]
[Round "?"]
[White "Hossa"]
[Black "PostModernist"]
[Result "0-1"]
[WhiteElo "2623"]
[BlackElo "2644"]
[PlyCount "108"]
[EventDate "2001.??.??"]

1. c4 e5 2. Nc3 Nf6 3. Nf3 Nc6 4. a3 e4 5. Ng5 Qe7 6. f3 exf3 7. Nxf3 d6 8. e3
g6 9. Be2 Bg7 10. O-O O-O 11. d3 Bg4 12. Bd2 Rfe8 13. e4 a5 14. Nb5 b6 15. Ng5
Bxe2 16. Qxe2 a4 17. Bf4 Nh5 18. Be3 f5 19. Qd2 Nf6 20. Bf4 fxe4 21. Nxe4 Nxe4
22. dxe4 Kh8 23. Rf3 Na5 24. Qc2 Qxe4 25. Qxe4 Rxe4 26. Nxc7 Rd8 27. Rd1 Nxc4
28. Nb5 Bxb2 29. Bxd6 Kg7 30. h3 h5 31. Rfd3 h4 32. Kf2 Bf6 33. Kf3 Rde8 34.
Bf4 g5 35. Bc1 Re1 36. Rd7+ Kg6 37. g4 R8e2 38. R7d5 Ne5+ 39. Rxe5 Bxe5 40.
Rxe1 Rxe1 41. Be3 Rh1 42. Ke4 Rxh3 43. Bg1 Rb3 44. Kxe5 Rxb5+ 45. Kd4 Rb3 46.
Ke4 h3 47. Bh2 Rxa3 48. Be5 Ra2 49. Bd4 h2 50. Ke3 h1=Q 51. Bxb6 Qd1 52. Ke4
Re2+ 53. Be3 Qd2 54. Kf3 Qxe3# {Hossa checkmated} 0-1